|
|
|
|
| LEADER |
00000nab a2200000 a 4500 |
| 001 |
vtls011122418 |
| 003 |
SK-MaSNL |
| 005 |
20260303143850.0 |
| 008 |
230222|2004 xo |||||||||||||||||eng| |
| 015 |
|
|
|a SNBRB
|
| 035 |
|
|
|a (uuid)9dd6ecc7-f3c8-436c-8fd0-775f81d15e33
|
| 035 |
|
|
|a (urnnbn)urn:nbn:sk:snk:ar-a08wxh
|
| 035 |
|
|
|a urn:nbn:sk:snk-ab9ugx
|
| 040 |
|
|
|a SNKBUCL
|b slo
|c SNKBUCL
|e AACR2
|
| 041 |
0 |
|
|a eng
|
| 044 |
|
|
|a xo
|c SK
|
| 100 |
1 |
|
|a Rabenda, Marek
|4 aut
|9 1165051
|
| 245 |
1 |
0 |
|a EFFECTS OF SURFACE LAYER TREATMENT OF FORGING TOOLS ON THEIR WEAR
|c Marek Rabenda
|
| 773 |
0 |
|
|t Materiálové inžinierstvo
|g Roč. 11, č. 5 (2004), s. 27-29
|
| 958 |
|
|
|a OND
|
| 958 |
|
|
|a EUIPO
|
| 958 |
|
|
|a article13
|
| 999 |
|
|
|c 1992813
|d 1994743
|